Responses for Show #8214 - Thursday, April 30, 2020

Sarah Jett Rayburn game 5.

Contestants

[<< previous game]

Jesse Laymon, a public policy director from Long Island City, New York

Kevin Curran, an attorney from Chicago, Illinois

Sarah Jett Rayburn, a writer and stay-at-home mom from Hutto, Texas (whose 4-day cash winnings total $89,300)

[next game >>]

Jeopardy! Round responses

CHILDREN'S LIT
COLLEGE & UNIVERSITY ORIGINS
FIGHTING FOR AN OSCAR
NICKNAMES
PAY RESPECTS
"F"
    $200 6
The Little Engine That Could

Jesse
    $200 25
(Alex: Less than a minute now.)

Boston University

Jesse
    $200 1
Rocky

Jesse
    $200 26
Schwarzenegger

Kevin
    $200 30
George Herbert Walker Bush

Jesse
    $200 11
a facade

Kevin
    $400 18
Geppetto

Kevin
    $400 13
(Kevin: What is Tulane?)
(Jesse: What is The Citadel?)

LSU (Louisiana State)

KevinJesse
Triple Stumper
    $400 2
Gladiator

Sarah
    $400 23
Vlad (Count Dracula)

Jesse
    $400 29
a eulogy

Sarah
    $400 12
(Kevin: What is faulty?)

fuzzy

KevinJesse
    $600 7
Thumbelina

Triple Stumper
    $1,000 14
Northwestern

Jesse
    $600 3
De Niro

Jesse
    $600 8
Charlie Chaplin

Sarah
    $600 20
Princess Diana

Kevin
    $600 19
facsimile

Jesse
    $800 9
Island of the Blue Dolphins

Sarah
    $800 15
Vassar

Jesse
    $800 4
Million Dollar Baby

Jesse
    $800 16
Henry Clay

Sarah
    $800 28
Neanderthals

Sarah
    $800 21
flagstone

Kevin
    $1000 10
Goody Two-Shoes

Kevin
    $1000 24
Parsons

Jesse
    $1000 5
On the Waterfront

Sarah
    $1000 17
Geoffrey Chaucer

Sarah
    $1000 27
Dia de los Muertos (Day of the Dead)

Kevin
    $1000 22
a fait accompli

Sarah

Scores at the first commercial break (after clue 15):

Sarah Kevin Jesse
$2,800 $400 $3,600

Scores at the end of the Jeopardy! Round:

Sarah Kevin Jesse
$6,800 $3,400 $6,000

Double Jeopardy! Round responses

NAMES IN AMERICAN HISTORY
TOOT SUITE
WORLD CAPITAL RIVERS
WHAT DOES IT STAND FOR?
TOTALLY AWESOME '80s TV
BROKEN ENGLISH
    $400 10
the Tuskegee Airmen

Jesse
    $400 26
the Grand Canyon

Sarah
    $400 15
Baghdad

Jesse
    $400 25
World (World Wrestling Entertainment)

Kevin
    $400 5
Dallas

Jesse
    $400 17
bust

Kevin
    $800 6
Quakers

Sarah
    $800 27
a piccolo

Kevin
    $800 11
Caracas

Jesse
    $800 16
(Jesse: What is Auto?)

Acquired

SarahJesse
    $800 4
Cheers

Sarah
    $800 18
totaled

Kevin
    $1200 7
(Kevin: What is, uh, Austin?)

Kit Carson

Kevin
Triple Stumper
    $1200 28
Charlie "Birdman" Parker

Sarah
    $5,600 12
Belgrade

Jesse
    $1200 20
(Sarah: What is Federal?)

Foreign

SarahJesse
    $1200 3
Dynasty

Kevin
    $1200 19
Fritz

Jesse
    $1600 8
Zapruder

Kevin
    $1600 29
The Planets

Triple Stumper
    $1600 13
Bern

Jesse
    $1600 21
(Jesse: What is Telephone & Telecom?)

Telephone & Telegraph

SarahJesse
    $1600 2
Trapper John

Sarah
    $1600 23
a rift

Kevin
    $2000 9
(Jesse: Who is Bell?)

Morse

Jesse
Triple Stumper
    $300 30
(Sarah: Oh, um, who is, uh... [Fingers shake])
(Alex: Hurry.)
(Sarah: Oh, the 1,001 Nights, um, Salome.)
[Time's up]
(Sarah: [*]!)
(Alex: Too late.)

Scheherazade

Sarah
    $2000 14
(Jesse: What is Vietieng?)
...
(Alex: You mispronounced it too badly, Jesse. [*].)
(Jesse: My apologies.)

Vientiane

Jesse
Triple Stumper
    $2000 22
Lysergic

Kevin
    $2000 1
(Alex: She's the one; very talented.)

Tracey Ullman

Kevin
    $2000 24
rupture

Triple Stumper

Scores at the end of the Double Jeopardy! Round:

Sarah Kevin Jesse
$12,500 $13,000 $11,200

[wagering suggestions for these scores]

Final Jeopardy! Round responses

ADVERTISING
(Alex: Have you done...)
(Sarah: Your taxes? I couldn't think of anything.)
(Alex: That's all right.)
(Sarah: Blanked out.)
(Alex: It's gonna cost you. [Sees wager] Wow! it's gonna cost you a lot, everything but a dollar.)
(Sarah: Well, I mean. I'm sorry.)
(Alex: That's all right, I like chatting with you in Final.)
[Laughter]
JesseWhat is What's in your wallet?
$1,800
SarahWhat is Have you done
$12,499
KevinWhat is What ca
$12,501
What's in your wallet?

Final scores:

Sarah Kevin Jesse
$1 $499 $13,000
3rd place: $1,000 2nd place: $2,000 New champion: $13,000

Game dynamics:

Coryat scores:

Sarah Kevin Jesse
$12,800 $13,000 $6,400
16 R,
2 W
(including 1 DD)
16 R,
3 W
20 R
(including 2 DDs),
5 W

Combined Coryat: $32,200

[game clues] [game scores] [suggest correction]

Game tape date: 2020-02-19
The J! Archive is created by fans, for fans. Scraping, republication, monetization, and malicious use prohibited; this site may use cookies and collect identifying information. See terms. The Jeopardy! game show and all elements thereof, including but not limited to copyright and trademark thereto, are the property of Jeopardy Productions, Inc. and are protected under law. This website is not affiliated with, sponsored by, or operated by Jeopardy Productions, Inc. Join the discussion at JBoard.tv.